Statistiques concernant PSG - Les joueurs du PSG depuis 2010

Cliquez ici pour prendre le quiz!

Statistiques générales

  • Ce quiz a été pris 1 395 fois
    (924 depuis la dernière actualisation)
  • Le résultat moyen est 66 sur 158

Statistiques - réponses

SaisonsPosteNationalitéApparitionsButNom% Correct
2017-AttaquantFrance278230Kylian Mbappe
96%
2013-2020AttaquantUruguay301200Edinson Cavani
94%
2012-2020DéfenseurBrésil31517Thiago Silva
94%
2013-DéfenseurBrésil42138Marquinhos
93%
2012-2023MilieuItalie41611Marco Verratti
91%
2017-2023AttaquantBrésil172117Neymar Jr
91%
2015-2022AttaquantArgentine29592Angel Di Maria
86%
2014-DéfenseurFrance2363Presnel Kimpembe
86%
2012-2016AttaquantSuède180156Zlatan Ibrahimovic
86%
2011-2018MilieuFrance29533Blaise Matuidi
85%
2021-2023AttaquantArgentine7532Lionel Messi
84%
2019-2023GardienCosta rica1080Keylor Navas
83%
2012-2018MilieuItalie23112Thiago Motta
81%
2021-DéfenseurMaroc9713Achraf Hakimi
78%
2023-AttaquantPortugal173Gonçalo Ramos
78%
2021-2023DéfenseurEspagne585Sergio Ramos
78%
2021-GardienItalie910Gianluigi Donnarumma
76%
2012-2013
2013-2019
MilieuFrance22724Adrien Rabiot
74%
2011-2018MilieuArgentine26945Javier Pastore
74%
2013-2018AttaquantBrésil22946Lucas Moura
74%
2017-2022MilieuAllemagne19826Julian Draxler
73%
2015-2018GardienAllemagne910Kévin Trapp
73%
2011-2016GardienItalie1900Salvatore Sirigu
73%
2012-2013
2016-2020
GardienFrance1070Alphonse Aréola
71%
2022-MilieuEspagne534Fabian Ruiz
71%
2023-AttaquantFrance144Randal Kolo Muani
71%
2022-MillieuPortugal666Vitinha
71%
2014-2016DéfenseurBrésil898David Luiz
70%
2012-2016AttaquantArgentine16135Ezequiel Lavezzi
70%
2023-AttaquantFrance181Ousmane Dembélé
70%
2012-2017DéfenseurBrésil21413Maxwell
69%
2021-DéfenseurPortugal692Nuno Mendes
69%
2019-2022MilieuSénégal1117Idrissa Gueye
67%
2015-2022
2023-
DéfenseurFrance15414Layvin Kurzawa
67%
2022-MilieuEspagne467Carlos Soler
66%
2016-2020DéfenseurBelgique12813Thomas Meunier
66%
2020-2021MilieuMaroc70Kays Ruiz
65%
2023-DéfenseurFrance181Lucas Hernandez
65%
2022-MilieuFrance464Warren Zaire-Emery
65%
2020-MilieuPortugal1349Danilo Pereira
64%
2018-2022MilieuArgentine1173Léandro Paredes
63%
2023-MilieuUruguay150Manuel Ugarte
63%
2019-2022AttaquantArgentine9238Mauro Icardi
62%
2023-DéfenseurSlovaquie181Milan Skriniar
62%
2018-2019GardienItalie250Gianluigi Buffon
61%
2007-2013DéfenseurFrance2017Mamadou Sakho
61%
2014-2017DéfenseurCôte d'Ivoire815Serge Aurier
61%
2018-2023DéfenseurEspagne1288Juan Bernat
60%
2023-Milieu/AttaquantCorée du Sud112Kang-In Lee
59%
2009-2014DéfenseurFrance1989Christophe Jallet
58%
2012-2016DéfenseurPays-bas1324Gregory Van der Wiel
57%
2012-2014DéfenseurBrésil929Alex
56%
2019-2022GardienEspagne240Sergio Rico
56%
2018-2022DéfenseurAllemagne1284Thilo Kehrer
56%
2023-GardienEspagne10Arnau Tenas
54%
2023-AttaquantFrance130Bradley Barcola
54%
2017-2019DéfenseurBrésil738Dani Alves
54%
2018-2020AttaquantCameroun519Eric-Maxim Choupo-Moting
54%
2020-2021AttaquantItalie4117Moise Kean
53%
2015-2019MilieuFrance7811Christopher Nkunku
51%
2008-2013AttaquantFrance16156Guillaume Hoarau
51%
2013-2015MilieuFrance573Yohan Cabaye
51%
2023-AttaquantEspagne42Marco Asensio
50%
2021-GardienFrance20Alexandre Letellier
49%
2021-2022MilieuPays-bas383Georginio Wijnaldum
49%
2010-2013MilieuBrésil11248Nenê
49%
2022-DéfenseurFrance340Nordi Mukiele
49%
2020-2022MilieuPays-bas110Xavi Simons
49%
2006-2013
2014-2015
MilieuFrance24910Clément Chantôme
48%
2012-2013MilieuAngleterre140David Beckham
48%
2019-2022
2022-2023
AttaquantEspagne9822Pablo Sarabia
48%
2012-2014AttaquantFrance40Kingsley Coman
47%
2019-2022DéfenseurSénégal750Abdou Diallo
46%
2017-2018MilieuArgentine546Giovanni Lo Celso
46%
2016-2017
2019-2020
2020-2021
AttaquantEspagne182Jesé
46%
2022-AttaquantFrance334Hugo Ekitike
44%
2019-2021DéfenseurPays-bas450Mitchel Bakker
44%
2011-2014AttaquantFrance11019Jérémy Menez
43%
2011-2013AttaquantFrance7723Kévin Gameiro
43%
2018-2019AttaquantFrance344Moussa Diaby
43%
2020-2021DéfenseurItalie362Alessandro Florenzi
42%
2019-2022MilieuEspagne956Ander Herrera
41%
2016-2017MilieuPologne190Grzegorz Krychowiak
41%
2007-2015DéfenseurFrance2247Zoumana Camara
41%
2016-2018AttaquantFrance324Hatem Ben Arfa
39%
2011-2016GardienFrance430Nicolas Douchez
38%
2009-2012AttaquantTurquie11030Mevlut Erding
37%
2022-2023MilieuPortugal272Renato Sanches
37%
2018-2022DéfenseurFrance771Colin Dagba
36%
2018-2019MilieuFrance190Lassana Diarra
36%
2019-2021GardienPologne20Marcin Bulka
36%
2017-2019AttaquantEtats-unis62Timothy Weah
36%
2016-2018AttaquantPortugal130Gonçalo Guedes
35%
2004-2013DéfenseurFrance38012Sylvain Armand
34%
2017-2018DéfenseurEspagnol322Yuri Berchiche
34%
2023-MilieuItalie30Cher Ndour
32%
2013-2015DéfenseurFrance440Lucas Digne
32%
2015-2016MilieuFrance400Benjamin Stambouli
30%
2010-2013MilieuFrance9113Mathieu Bodmer
30%
2020-2022MilieuBrésil390Rafinha
30%
2010-2012
2014-2015
AttaquantFrance536Jean-Christophe Bahebeck
29%
2011-2013DéfenseurUruguay211Diego Lugano
27%
2021-2023MilieuEspagne120Ismael Gharbi
27%
2010-2011DéfenseurFrance10Loick Landre
26%
2007-2011GardienArménie710Apoula Edel
25%
2009-2011GardienFrance410Grégory Coupet
25%
2021-2022MilieuFrance80Edouard Michut
24%
2014-2017AttaquantFrance312Jean-Kévin Augustin
24%
2020-2021
2022-2023
DéfenseurFrance151Timothée Pembélé
24%
2007-2012AttaquantFrance18037Péguy Luyindula
23%
2007-2012DéfenseurBrésil1973Ceara
22%
2008-2011MilieuFrance1181Claude Makélélé
22%
2021-2023DéfenseurFrance190El Chadaille Bitshiabu
22%
2011-2013MilieuMali372Mohamed Sissoko
22%
2019-2020DéfenseurFrance133Tanguy Kouassi
22%
2020-2021
2022-2023
AttaquantFrance50Arnaud Kalimuendo
20%
2013-2014
2015-2017
AttaquantFrance162Hervin Ongenda
20%
2011-2012DéfenseurSerbie251Milan Bisevac
20%
2008-2011MilieuBénin10510Stéphane Sessègnon
20%
2013-2014DéfenseurMali10Kalifa Traore
19%
2006-2011DéfenseurMali964Sammy Traoré
19%
2008-2011MilieuFrance12519Ludovic Giuly
18%
2010-2013DéfenseurCôte d'Ivoire751Siaka Tiéné
18%
2022-2023AttaquantFrance10Ilyes Housni
16%
2007-2011MilieuFrance1926Jérémy Clément
16%
2017-2019DéfenseurFrance160Stanley Nsoki
15%
2019-2020MilieuFrance31Adil Aouchiche
14%
2008-2011AttaquantSerbie5310Mateja Kezman
13%
2017-2018MilieuFrance10Yacine Adli
13%
2021-2022MilieuFrance140Eric-Junior Dina-Ebimbe
12%
2016-2018MilieuFrance70Jonathan Ikoné
11%
2011-2013GardienFrance10Ronan le Crom
10%
2007-2011
2012-2012
AttaquantHaiti533Jean-Eudes Maurice
9%
2019-2020DéfenseurFrance30Loic Mbe Soh
9%
2018-2019AttaquantTurquie11Metehan Guclu
8%
2019-2020DéfenseurFrance10Arthur Zagre
6%
2015-2019DéfenseurGuyane50Kévin Rimane
6%
2010-2012MilieuRD du Congo91Neeskens Kebano
6%
2016-2017DéfenseurFrance10Alec Georgen
5%
2018-2019MilieuFrance30Antoine Bernede
5%
2020-2021MilieuFrance60Bandiougou Fadiga
5%
2016-2017MilieuFrance10Lorenzo Callegari
5%
2007-2010MilieuFrance550Grégory Bourillon
4%
2020-2021AttaquantFrance10Kenny Nagera
4%
2007-2010AttaquantFrance304Loris Arnaud
4%
2008-2011DéfenseurFrance270Tripy Makonda
4%
2007-2009
2009-2010
MilieuSénégal471Younousse Sankhare
4%
2012-2013DéfenseurGuinée10Antoine Conte
3%
2021-2022AttaquantFrance10Djeidi Gassama
3%
2021-2022MillieuFrance10Nathan Bitumazala
3%
2006-2010
2011-2011
MilieuRD du Congo350Granddi N'Goyi
2%
2006-2007
2009-2010
Défenseur/MilieuCameroun50Albert Baning
1%
2010-2011MilieuFrance30Florian Makhedjouf
1%
2014-2015AttaquantCôte d'Ivoire10Jérémi Kimmakon
1%
2015-2016MilieuFrance10Thimottée Taufflieb
1%
2009-2010GardienFrance10Willy Grondin
1%
2010-2011AttaquantMaroc10Yacine Qasmi
1%
2015-2016MilieuCôte d'Ivoire10Yakou Meité
1%

Distribution des résultats

Percentile par nombre de réponses

% des personnes avec chaque résultat

Votre développement - résultats

Vous n’avez pas pris ce quiz depuis la dernière actualisation